Statystyki dla Kraje Które Piją Najwięcej Herbaty

Kliknij tutaj aby rozwiązać quiz!

Ogólne statystyki

  • Ten quiz został rozwiązany 563 razy
  • Średni wynik to 5 z 10

Statystyki odpowiedzi

WSKAŻÓWKAKRAJ% Poprawnych
1,93 KGWIELKA BRYTANIA
92%
1,00 KGPOLSKA
91%
1,38 KGROSJA
78%
0,96 KGJAPONIA
65%
2,18 KGIRLANDIA
56%
3,14 KGTURCJA
43%
1,01 KGEGIPT
28%
0,90 KGARABIA SAUDYJSKA
20%
1,21 KGMAROKO
16%
1,19 KGNOWA ZELANDIA
15%

Rozkład punktacji

Percentyl według liczby udzielonych odpowiedzi

Procent ludzi z każdym wynikiem

Twoja historia wyników

Nie rozwiązałeś tego quizu